DeBI TiRAR MaS FOToS Tracklist By Streams - Statistics

General Stats
  • This quiz has been taken 4 times
  • The average score is 8 of 17
Answer Stats
# Streams Answer % Correct
1 932,220,400 DtMF
100%
2 729,176,968 BAILE INoLVIDABLE
67%
4 512,450,726 EoO
67%
16 152,650,573 LA MuDANZA
67%
3 583,003,369 NUEVAYoL
67%
15 160,430,830 PIToRRO DE COCO
67%
5 507,732,872 VOY A LLeVARTE PA PR
67%
8 319,912,334 WELTiTA
67%
14 168,985,453 BOKeTE
33%
12 178,073,161 KETU TeCRE
33%
7 327,415,810 KLOuFRENS
33%
17 108,542,744 LO QUE LE PASO A HAWAii
33%
10 234,434,767 PERFuMITO NUEVO
33%
13 177,949,751 TURISTA
33%
6 468,744,284 VeLDA
33%
11 182,098,650 CAFe CON RON
0%
9 287,078,418 EL CLuB
0%
No matching quizzes found
Score Distribution
Percent of People with Each Score
Percentile by Number Answered
Your Score History
You have not taken this quiz